000 00336nam a2200145Ia 4500
008 191201s2001 xx 000 0 und d
082 _a005.43
_bTAP
100 _aTAXALI, Ravi kant
245 0 _aPC Software Made Simple
250 _a22th
260 _aN.Delhi
_bTMH
_c2001
300 _a739
650 _aB.Tech(CSE)
942 _2ddc
_cBK
999 _c1328
_d1328